000 00864nam a2200205Ii 4500
003 JO-AjNU
008 230605s9999||||xx |||||||||||||| ||und||
040 _aJO-AjNU
_bara
_erda
_cJO-AjNU
041 _aara
050 1 4 _aDS80.1999
100 3 _a عيسى، إيلين زغيب,
_eauthor
_950473
245 0 0 _aموسوعة لبنان: تاريخ-سياسة وحضارة بين الأمس واليوم، من حرب 1975 إلى الجمهورية الثانية
264 3 1 _aبيروت: كريس،1999
300 _aج12، 195ص
_bيشتمل على ملاحق ص(138-193) ويشتمل على مراجع ببلوغرافية ص(193)
336 _atext
_btxt
_2rdacontent
337 _aunmediated
_bn
_2rdamedia
338 _avolume
_bnc
_2rdacarrier
490 0 _aموسوعة لبنان
650 4 _aلبنان -- تاريخ -- دوائر معارف 
_950474
999 _aA22236
_c25804
_d25804